| 000 | 01763cad a22002415a 4500 | ||
|---|---|---|---|
| 001 | L148938 | ||
| 008 | 091201s2009 xxk f 000 0 eng d | ||
| 035 | _a(Sirsi) u148938 | ||
| 041 | 0 | _aeng | |
| 050 | 0 | 4 | _a331.128 $2 18 |
| 110 | 2 |
_aRoyal Institution of Chartered Surveyors _94900 |
|
| 245 | 0 | 0 |
_aGuide to surviving redundancy and job-seeking _h[electronic resource] |
| 260 |
_aLondon _bRICS _c2010 |
||
| 505 | 2 | _aIntroduction -- What is redundancy? -- Feeling redundant: how to cope -- How can LionHeart help? -- What support can RICS offer you? -- How do personal debts affect my RICS Membership? -- How does Professional Indemnity Insurance (PII) work? -- State benefits, Jobseeker's allowance -- Will I be entitled to an income tax rebate? -- What support can I get from my local jobcentre? -- Income support -- Child Tax Credit -- Working Tax Credit -- Housing Benefit -- Council Tax Benefit -- Coping on a reduced income -- Pension plans and insurance -- Planning a new routine -- Job-seeking -- The interview -- APC/ATC candidates: your questions answered -- Other useful organisations | |
| 520 | _aProvides guidance for members on how to face a redundancy and the practical steps to take. Explains redundancy payments and state benefits, how to cope with debts, how to keep positive in a difficult situation and how to seek new employment. Outlines ways RICS and LionHeart can help. Revised, April 2010. | ||
| 590 | _aKA | ||
| 651 | 4 |
_aUnited Kingdom _y |
|
| 690 | _aMANAGEMENT-BUSINESS MANAGEMENT-PROFESSIONAL PRACTICE | ||
| 710 | 1 | _aLionHeart | |
| 710 | 1 |
_aMacdonald and Company _93846 |
|
| 856 | 4 | 0 |
_uhttps://www.rics.org/site/download_feed.aspx?fileID=6294&fileExtension=PDF _zView the guide free of charge at www.rics.org... |
| 942 | _n0 | ||
| 999 |
_c110288 _d110288 |
||